[Event "Topusko Amateur op 6th"]
[Site "Topusko"]
[Date "2017.08.13"]
[Round "3"]
[White "Muha, Magdalena"]
[Black "Vujnovic, Marko"]
[Result "1/2-1/2"]
[WhiteElo "1505"]
[BlackElo "1969"]
[PlyCount "90"]
[EventDate "2017.08.12"]
[EventType "swiss"]
[EventRounds "9"]
[EventCountry "CRO"]
[SourceTitle "CBM 180 Extra"]
[Source "ChessBase"]
[SourceDate "2017.10.06"]
[SourceVersion "1"]
[SourceVersionDate "2017.10.06"]
[SourceQuality "1"]

1. d4 d6 2. c4 Nf6 3. Nc3 c6 4. e4 Qc7 5. Bd3 e5 6. d5 Be7 7. Nge2 Nbd7 8. 0-0 Nf8 9. f4 exf4 10. Bxf4 Ng6 11. Be3 Ng4 12. Bd4 N4e5 13. Ng3 Bf6 14. Be2 0-0 15. c5 Ng4 16. cxd6 Bxd4+ 17. Qxd4 Qb6 18. Qxb6 axb6 19. dxc6 bxc6 20. Nf5 Bxf5 21. Rxf5 Ne3 22. Rf3 Nc2 23. Rd1 Ne5 24. Rh3 c5 25. Rh5 f6 26. a3 Nd4 27. Bf1 Rfd8 28. Nb5 h6 29. Nxd4 Rxd6 30. Rxe5 fxe5 31. Bc4+ Kh8 32. Bd5 Ra4 33. Nb5 Rd7 34. Rf1 Ra5 35. Nc3 b5 36. Rf8+ Kh7 37. Rb8 b4 38. axb4 cxb4 39. Rxb4 Rd8 40. Ra4 Rc5 41. Ra7 Rb8 42. Na4 Rc2 43. Re7 Rb4 44. b3 Rd4 45. h3 Rdd2 1/2-1/2

[Event "Topusko op 5th"]
[Site "Topusko"]
[Date "2016.08.07"]
[Round "2"]
[White "Vujnovic, Marko"]
[Black "Ivekovic, Ana"]
[Result "0-1"]
[WhiteElo "1955"]
[BlackElo "2104"]
[PlyCount "62"]
[EventDate "2016.08.06"]
[EventType "swiss"]
[EventRounds "9"]
[EventCountry "CRO"]
[SourceTitle "CBM 173 Extra"]
[Source "ChessBase"]
[SourceDate "2016.08.29"]
[SourceVersion "1"]
[SourceVersionDate "2016.08.29"]
[SourceQuality "1"]

1. e4 e5 2. Nf3 Nc6 3. Bb5 a6 4. Ba4 Nf6 5. 0-0 Be7 6. d3 b5 7. Bb3 d6 8. h3 Na5 9. Nc3 c6 10. Ne2 0-0 11. Ng3 Ne8 12. Be3 g6 13. Bh6 Ng7 14. c3 Nxb3 15. axb3 Qc7 16. d4 f6 17. c4 Bb7 18. Qd3 Rfd8 19. cxb5 cxb5 20. Rfc1 Qd7 21. b4 Rac8 22. Qb3+ Qe6 23. d5 Qf7 24. Rxc8 Rxc8 25. Rc1 Rxc1+ 26. Bxc1 f5 27. Ng5 Qf6 28. exf5 gxf5 29. Bd2 Qg6 30. Ne6 Nxe6 31. dxe6 f4 0-1

[Event "Topusko op 4th"]
[Site "Topusko"]
[Date "2015.08.08"]
[Round "9"]
[White "Vujnovic, Marko"]
[Black "Muha, Magdalena"]
[Result "1-0"]
[WhiteElo "1926"]
[BlackElo "1611"]
[PlyCount "47"]
[EventDate "2015.08.01"]
[EventType "swiss"]
[EventRounds "9"]
[EventCountry "CRO"]
[SourceTitle "CBM 167 Extra"]
[Source "ChessBase"]
[SourceDate "2015.09.14"]
[SourceVersion "1"]
[SourceVersionDate "2015.09.14"]
[SourceQuality "1"]

1. d4 d5 2. c4 c6 3. Nc3 Nf6 4. g3 e6 5. Bg2 Bd6 6. Nf3 Nbd7 7. Qc2 0-0 8. 0-0 Re8 9. Bg5 dxc4 10. e4 e5 11. Rad1 Qc7 12. dxe5 Bxe5 13. Nxe5 Qxe5 14. Bf4 Qe6 15. Rd6 Qe7 16. Rfd1 b5 17. e5 Nd5 18. Nxd5 cxd5 19. Bxd5 Rb8 20. Bc6 Rb6 21. e6 Rxc6 22. exd7 Rxd6 23. dxe8Q+ Qxe8 24. Bxd6 1-0

[Event "Topusko op 4th"]
[Site "Topusko"]
[Date "2015.08.06"]
[Round "7"]
[White "Bozinovic, Bogdan"]
[Black "Vujnovic, Marko"]
[Result "1-0"]
[WhiteElo "2223"]
[BlackElo "1926"]
[PlyCount "99"]
[EventDate "2015.08.01"]
[EventType "swiss"]
[EventRounds "9"]
[EventCountry "CRO"]
[SourceTitle "CBM 167 Extra"]
[Source "ChessBase"]
[SourceDate "2015.09.14"]
[SourceVersion "1"]
[SourceVersionDate "2015.09.14"]
[SourceQuality "1"]

1. d4 Nf6 2. c4 d6 3. Nc3 c6 4. e4 Qc7 5. Nge2 e5 6. d5 Be7 7. Ng3 a5 8. Be2 0-0 9. Be3 Re8 10. 0-0 Nbd7 11. Qd2 Nc5 12. Rfd1 Bf8 13. f3 Bd7 14. Nh1 h5 15. Nf2 h4 16. Bg5 h3 17. g4 Nh7 18. Be3 Nf6 19. Bf1 cxd5 20. cxd5 g6 21. Rac1 Rec8 22. Bxh3 Qd8 23. Bf1 Nh7 24. Be2 Qh4 25. Nd3 b6 26. Qe1 Qf6 27. Qg3 Be7 28. Kg2 Qg7 29. h4 a4 30. Rh1 f6 31. h5 g5 32. Nb4 Ra5 33. Bd2 Qf7 34. Nb1 Ra7 35. Na3 Qe8 36. Qf2 Nf8 37. Qe3 Raa8 38. Bd3 Rab8 39. Na6 Ra8 40. Qe2 Ra7 41. Nb4 b5 42. Bxb5 Rb7 43. Nc6 Bxc6 44. dxc6 Rbc7 45. Nc4 Nfe6 46. Nb6 Nd4 47. Qc4+ Nce6 48. Nxc8 Qxc8 49. Bxa4 Kg7 50. Be3 1-0

[Event "Topusko op 2nd"]
[Site "Topusko"]
[Date "2013.08.08"]
[Round "6"]
[White "Takac, Zvonko"]
[Black "Vujnovic, Marko"]
[Result "0-1"]
[WhiteElo "2072"]
[BlackElo "1949"]
[PlyCount "114"]
[EventDate "2013.08.03"]
[EventType "swiss"]
[EventRounds "7"]
[EventCountry "CRO"]
[SourceTitle "CBM 155 Extra"]
[Source "ChessBase"]
[SourceDate "2013.08.26"]
[SourceVersion "1"]
[SourceVersionDate "2013.08.26"]
[SourceQuality "1"]

1. d4 Nf6 2. Nf3 d6 3. c4 c6 4. Nc3 Qc7 5. e4 Bg4 6. Be2 e5 7. h3 Bh5 8. Bg5 Nbd7 9. 0-0 Be7 10. Re1 h6 11. Be3 Bg6 12. dxe5 dxe5 13. Qc2 0-0 14. Nd2 Nc5 15. f3 a5 16. a3 Ne6 17. Nb3 a4 18. Nd2 Nd4 19. Qd1 Nh5 20. Nxa4 Bh4 21. Bf2 Bxf2+ 22. Kxf2 Rxa4 23. Qxa4 Qb6 24. Qb4 Qa7 25. c5 Nf4 26. Bf1 Nc2 27. Qc3 Nxa1 28. Rxa1 Rd8 29. b4 f6 30. Qe3 Bf7 31. Nc4 Rd4 32. Nd6 Be6 33. Rc1 b6 34. g3 bxc5 35. bxc5 Nxh3+ 36. Bxh3 Bxh3 37. g4 Qa6 38. Qb3+ Kh7 39. Nc4 Qc8 40. Kg3 Bxg4 41. fxg4 Rxe4 42. Qd1 Qe6 43. Nd6 Rd4 44. Qf3 Rf4 45. Qd1 Rd4 46. Qc2+ e4 47. Re1 Rd3+ 48. Qxd3 exd3 49. Rxe6 d2 50. Nf5 d1Q 51. Re7 Qg1+ 52. Kh3 Qxc5 53. Rxg7+ Kh8 54. Kh4 Qxa3 55. Kh5 Qh3+ 56. Kg6 Qxg4+ 57. Kxf6 Qxf5+ 0-1

[Event "Topusko op"]
[Site "Topusko"]
[Date "2009.11.24"]
[Round "7"]
[White "Turk, Karlo"]
[Black "Vujnovic, Marko"]
[Result "1/2-1/2"]
[WhiteElo "1858"]
[BlackElo "1919"]
[PlyCount "29"]
[EventDate "2009.11.20"]
[EventType "swiss"]
[EventRounds "7"]
[EventCountry "CRO"]
[SourceTitle "CBM 133 Extra"]
[Source "ChessBase"]
[SourceDate "2010.01.05"]
[SourceVersion "1"]
[SourceVersionDate "2010.01.05"]
[SourceQuality "1"]

1. d4 Nf6 2. Nf3 d6 3. Bg5 Nbd7 4. e3 e5 5. c4 Be7 6. Nc3 0-0 7. Bd3 c6 8. Qc2 h6 9. Bh4 Qc7 10. 0-0 Re8 11. Rad1 Nf8 12. h3 Nh5 13. Bxe7 Qxe7 14. b4 Nf6 15. dxe5 1/2-1/2